Điều dưỡng nội khoa

שמור ב:
מידע ביבליוגרפי
פורמט: ספר
שפה:Undetermined
יצא לאור: Hà Nội Y Học 1997
נושאים:
תגים: הוספת תג
אין תגיות, היה/י הראשונ/ה לתייג את הרשומה!
Thư viện lưu trữ: Trung tâm Học liệu Trường Đại học Cần Thơ
LEADER 00439nam a2200169Ia 4500
001 CTU_28712
008 210402s9999 xx 000 0 und d
020 |b 54.000đ 
082 |a 616 
082 |b Đ309 
245 0 |a Điều dưỡng nội khoa 
260 |a Hà Nội 
260 |b Y Học 
260 |c 1997 
650 |a internal medicine 
904 |i Minh, 990302 
980 |a Trung tâm Học liệu Trường Đại học Cần Thơ